| 000 | 00503nam a2200145Ia 4500 | ||
|---|---|---|---|
| 008 | 100204s9999 xx 000 0 und d | ||
| 082 | _b10573 | ||
| 100 | _aभुर्के श्याम | ||
| 245 | _aसभेत कसे बोलावे | ||
| 260 |
_b"मेहता पब्लिशिंग हाऊस , पुणे" _c1988 |
||
| 300 | _a100 | ||
| 630 | _aसभेत कसे बोलावे | ||
| 730 | _aसभेत कसे बोलावे | ||
| 942 | _cBOOK | ||
| 999 |
_c455009 _d455006 |
||